Un ejemplo de comprobación teórica: el caso de Kaminal-Juyu (Guatemala)

Đã lưu trong:
Chi tiết về thư mục
Định dạng: Texto
Những chủ đề:
Các nhãn: Thêm thẻ
Không có thẻ, Là người đầu tiên thẻ bản ghi này!

MARC

LEADER 00000 a a2200000 04500
001 7774
003
040
245 |a Un ejemplo de comprobación teórica: el caso de Kaminal-Juyu (Guatemala)  
650 |a TEORIA  
650 |a ECOLOGIA HUMANA  
650 |a ARQUEOLOGIA  
650 |a CAMBIOS SOCIALES  
773 |g número 49; páginas 37-47  
999 |c 36018  |d 36018